000 00572nam a2200229 a 4500
001 nice12345678
003 IN_TiNIC
005 20260116014929.0
008 100209s2004 lona grp 000 0 eng
020 _a9780281056958
_c100
082 0 0 _a248.4
_bTOM
100 _aTomilson, Dave
245 _aRunning into God
_b Reflections for Ordinary Days
260 _aLondon
_bSPCK
_c2004
300 _a114p
500 _aincludes index and biblioraphy
650 _aChristian-Life
700 1 _aTomilson, Dave
902 _bSRS
942 _cBK
999 _c17589
_d17589